15 plus grandes villes - Indonesie (2020) - Statistiques

Statistiques générales
  • Ce quiz a été pris 34 fois
  • Le résultat moyen est 4 sur 15
Statistiques - réponses
Population Ville % Correct
10,6 M Jakarta
100%
2,9 M Surabaya
63%
2,4 M Bandung
60%
2,4 M Medan
50%
1,7 M Semarang
27%
1,4 M Makassar
23%
1,7 M Palembang
23%
1,2 M Bandar Lampung
10%
1 M Bogor
10%
2,5 M Bekasi
10%
1,9 M Tangerang
7%
1,2 M Batam
3%
2,1 M Depok
3%
1M Pekanbaru
3%
1,4 M South Tangerang
0%
Aucun quiz correspondant
Distribution des résultats
% des personnes avec chaque résultat
Percentile par nombre de réponses
Votre historique - résultats
Vous n’avez pas pris ce quiz